| 000 | 00562nam a2200169 a 4500 | ||
|---|---|---|---|
| 001 | 000037056 | ||
| 005 | 20200930080119.0 | ||
| 008 | 120209s1987 mx 000 0 spa d | ||
| 020 | _a9688881600 | ||
| 040 |
_aDO-SdBNP _bspa _cBNPHU |
||
| 082 |
_axxxx _bE14f |
||
| 100 | 1 |
_aEaton, Samuel D. _963460 |
|
| 245 | 1 | 4 |
_aLas fuerzas de la libertad en España, 1974-1979 : _buna apreciación personal / _cSamuel D. ; Moira Querejazu Lewis. |
| 260 |
_aMéxico : _bEdiciones Prisma, _c1987. |
||
| 300 |
_a186 p. ; _c21 cm. |
||
| 504 | _aBibliografía seleccionada : p.185-186 | ||
| 999 |
_c36546 _d36546 |
||